Central Library OPAC University of Rajshahi

দেবীসিংহ : (Record no. 56137)

MARC details
000 -LEADER
fixed length control field 00832nam a2200229 a 4500
001 - CONTROL NUMBER
control field 56137
003 - CONTROL NUMBER IDENTIFIER
rucl marc code BD-RjUL
005 - DATE AND TIME OF LATEST TRANSACTION
control field 20211209080346.0
008 - FIXED-LENGTH DATA ELEMENTS--GENERAL INFORMATION
fixed length control field 161127s1973 bg ||||| |||| 00| 0 ben d
020 ## - INTERNATIONAL STANDARD BOOK NUMBER
Terms of availability Tk. 3.00
035 ## - SYSTEM CONTROL NUMBER
System control number (BD-RjUL)56261
040 ## - CATALOGING SOURCE
Original cataloging agency BD-RjUL
Language of cataloging ben
Transcribing agency BD-RjUL
041 ## - LANGUAGE CODE
Language code of text/sound track or separate title ben
082 ## - DEWEY DECIMAL CLASSIFICATION NUMBER
Edition number 23
Classification number 891.442
Author mark and year MOD 1973
100 ## - MAIN ENTRY--PERSONAL NAME
Personal name মনসুর-উর-রহমান, মুহাম্মদ
9 (RLIN) 167115
245 ## - TITLE STATEMENT
Title দেবীসিংহ :
Remainder of title (ঐতিহাসিক নাটক) /
Statement of responsibility, etc. মনসুর-উর-রহমান মুহাম্মদ
260 ## - PUBLICATION, DISTRIBUTION, ETC. (IMPRINT)
Place of publication, distribution, etc. বগুড়া :
Name of publisher, distributor, etc. সাহিত্য কুটির,
Date of publication, distribution, etc. ১৯৭৩.
300 ## - PHYSICAL DESCRIPTION
Pagination ১০৮ পৃ. ;
Size ১৭ সেমি.
650 ## - SUBJECT ADDED ENTRY--TOPICAL TERM
Topical term or geographic name as entry element বাংলা নাটক
9 (RLIN) 167116
Topical term or geographic name as entry element Bengali Drama
9 (RLIN) 167117
942 ## - ADDED ENTRY ELEMENTS (KOHA)
Source of classification or shelving scheme Dewey Decimal Classification
Koha item type Books
Holdings
Lost status Source of classification or shelving scheme Damaged status Not for loan Collection code Permanent Location Current Location Shelving location Date acquired Source of acquisition Cost, normal purchase price Total Checkouts Full call number Date last seen Copy number Koha item type
  Dewey Decimal Classification     Non-fiction Central Library, University of Rajshahi Central Library, University of Rajshahi   06/04/1977 Unesco books agency 3.00   B 891.442 MOD 1973 27/11/2016 C-2 Books
  Dewey Decimal Classification   Not For Loan Non-fiction Central Library, University of Rajshahi Central Library, University of Rajshahi Reading Room 06/04/1977 Eureka book Agency, Rajshahi 3.00   B 891.442 MOD 1973 08/02/2017 C-1 Books